Delta vedecko-odborný časopis Katedry protipožiarnej ochrany
| Other Authors: | , |
|---|---|
| Format: | Journal |
| Language: | Slovak Czech English |
| PhysicalDescription: | 16 zv. 30 cm Online vydanie: Delta (Online) ISSN 2585-9730 |
| Published: |
Zvolen
Technická univerzita vo Zvolene, Drevárska fakulta
2007-2022
|
| ISSN: | 1337-0863 |
| Subjects: |
MARC
| LEADER | 00000cas a2200000 a 4500 | ||
|---|---|---|---|
| 001 | vtls009295354 | ||
| 003 | SK-MaSNL | ||
| 005 | 20260228162330.0 | ||
| 008 | 080519d20072022xo fr|p 0 b0slo | ||
| 022 | |a 1337-0863 | ||
| 035 | |a (SVKBB)vtls000287944 | ||
| 040 | |a SVKBB |b slo |c SVKBB |d SAVUK |d SNK |e AACR2 | ||
| 041 | 0 | |a slo |a cze |a eng |b slo |b cze |b eng | |
| 044 | |a xo |c SK | ||
| 072 | 7 | |a 614.84 |x Požiare. Ochrana pred požiarmi |2 konspekt | |
| 072 | 7 | |a 613 |x Hygiena. Ľudské zdravie |2 konspekt | |
| 080 | |a 614.84 |2 2011 | ||
| 080 | |a 050 |2 2001 | ||
| 080 | |a 613 |2 2011 | ||
| 080 | |a 331.47 |2 2011 | ||
| 080 | |a 001(051) |2 2011 | ||
| 210 | 0 | |a Delta |b (Zvolen) | |
| 222 | 0 | |a Delta |b (Zvolen) | |
| 245 | 0 | 0 | |a Delta |b vedecko-odborný časopis Katedry protipožiarnej ochrany |
| 260 | |a Zvolen |b Technická univerzita vo Zvolene, Drevárska fakulta |c 2007-2022 | ||
| 300 | |a 16 zv. |c 30 cm | ||
| 310 | |a 2x ročne | ||
| 362 | 0 | |a Roč. 1, č. 1 (2007)-roč. 16, č. 2 (2022) | |
| 500 | |a Šéfred.: 2015- , Danica Kačíková | ||
| 500 | |a Editor: 2007-?, Anton Osvald | ||
| 500 | |a Popis podľa: R. (2015) | ||
| 500 | |a Od r. 2018 je na obale pri názve uvedené veľké písmeno gréckej abecedy | ||
| 500 | |a Evidenčné č.: EV 3857/09 | ||
| 504 | |a Bibliogr. odkazy | ||
| 515 | |a Má priebežné číslovanie do r. 2017 | ||
| 515 | |a Od r. 2018 v tiráži uvedené vyd. 1 - júl, vyd. 2 - december | ||
| 530 | |a Online vydanie: Delta (Online) ISSN 2585-9730 | ||
| 546 | |a Text aj v angl., češ., ruš. ; res. slov., angl., čes. | ||
| 650 | 0 | 7 | |a požiarna ochrana |2 SNKPH |9 1501 |
| 650 | 0 | 7 | |a ochrana zdravia |2 SNKPH |9 1135 |
| 655 | 7 | |a vedecké časopisy |2 SNKPH |9 70520 | |
| 700 | 1 | |a Osvald, Anton |4 edt |9 270813 | |
| 700 | 1 | |a Kačíková, Danica, |d 1964- |4 pbd |9 219285 | |
| 710 | 2 | |a Technická univerzita vo Zvolene. |b Drevárska fakulta. |b Katedra protipožiarnej ochrany |4 pbl |9 86711 | |
| 852 | |a Štátna vedecká knižnica v Banskej Bystrici | ||
| 910 | |a savuk | ||
| 910 | |a snk | ||
| 910 | |a svkbb | ||
| 916 | |a 2007-2012, 2013-2014, 2015-2018, 2019-2020, 2021, 2022 | ||
| 999 | |c 7596 |d 9526 | ||
| 952 | |0 0 |1 0 |4 0 |7 0 |8 0 |a SNK |b SNK |d 2020-11-27 |f 1 |i snk2020/21308 |l 0 |o snkČSB 5825/13/2019 |p 17A1433102 |r 2026-02-21 19:24:23 |t č. 1-2 |w 2026-02-21 |y PREZ | ||
| 952 | |0 0 |1 0 |4 0 |7 0 |8 0 |a SNK |b SNK |d 2024-07-03 |i snk2024/10425 |l 0 |o snkČSB 5825/16/2022 |p 17A1523712 |r 2026-02-21 19:58:13 |t č. 1-2 |w 2026-02-21 |y PREZ | ||
| 952 | |0 0 |1 0 |4 0 |7 0 |8 0 |a SNK |b SNK |d 2021-05-28 |i snk2021/5948 |l 0 |o snkČSB 5825/13/2019 D1 |p 17A1434155 |r 2026-02-21 19:58:48 |t č. 1-2 |w 2026-02-21 |y PREZ | ||
| 952 | |0 0 |1 0 |4 0 |7 0 |8 0 |a SNK |b SNK |d 2021-05-28 |f 1 |i snk2021/5949 |l 0 |o snkČSB 5825/14/2020 |p 17A1434156 |r 2026-02-21 19:58:48 |t č. 1-2 |w 2026-02-21 |y PREZ | ||
| 952 | |0 0 |1 0 |4 0 |7 0 |8 0 |a SNK |b SNK |d 2022-09-07 |f 1 |i snk2022/13502 |l 0 |o snkČSB 5825/15/2021 |p 17A1463945 |r 2026-02-21 20:01:51 |t č. 1-2 |w 2026-02-21 |y PREZ | ||
| 952 | |0 0 |1 0 |4 0 |7 0 |8 0 |a SNK |b SNK |d 2013-10-29 |f 1 |i snk2013/26275 |l 0 |o snkČSB 5825/1/2007 |p 17A1086453 |r 2026-02-21 21:42:56 |t č. 1-2 |w 2026-02-21 |y PREZ | ||
| 952 | |0 0 |1 0 |4 0 |7 0 |8 0 |a SNK |b SNK |d 2013-10-29 |i snk2013/26276 |l 0 |o snkČSB 5825/1/2007 D1 |p 17A1086454 |r 2026-02-21 21:42:56 |t č. 1-2 |w 2026-02-21 |y PREZ | ||
| 952 | |0 0 |1 0 |4 0 |7 0 |8 0 |a SNK |b SNK |d 2013-10-29 |f 1 |i snk2013/26277 |l 0 |o snkČSB 5825/2/2008 |p 17A1086455 |r 2026-02-21 21:42:56 |t č. 3-4 |w 2026-02-21 |y PREZ | ||
| 952 | |0 0 |1 0 |4 0 |7 0 |8 0 |a SNK |b SNK |d 2013-10-29 |i snk2013/26278 |l 0 |o snkČSB 5825/2/2008 D1 |p 17A1086456 |r 2026-02-21 21:42:56 |t č. 3-4 |w 2026-02-21 |y PREZ | ||
| 952 | |0 0 |1 0 |4 0 |7 0 |8 0 |a SNK |b SNK |d 2013-10-29 |f 1 |i snk2013/26281 |l 0 |o snkČSB 5825/3/2009 |p 17A1086457 |r 2026-02-21 21:42:56 |t č. 5-6 |w 2026-02-21 |y PREZ | ||
| 952 | |0 0 |1 0 |4 0 |7 0 |8 0 |a SNK |b SNK |d 2013-10-29 |i snk2013/26283 |l 0 |o snkČSB 5825/3/2009 D1 |p 17A1086458 |r 2026-02-21 21:42:56 |t č. 5-6 |w 2026-02-21 |y PREZ | ||
| 952 | |0 0 |1 0 |4 0 |7 0 |8 0 |a SNK |b SNK |d 2013-10-29 |f 1 |i snk2013/26287 |l 0 |o snkČSB 5825/4/2010 |p 17A1086459 |r 2026-02-21 21:42:56 |t č. 7-8 |w 2026-02-21 |y PREZ | ||
| 952 | |0 0 |1 0 |4 0 |7 0 |8 0 |a SNK |b SNK |d 2013-10-29 |i snk2013/26288 |l 0 |o snkČSB 5825/4/2010 D1 |p 17A1086460 |r 2026-02-21 21:42:56 |t č. 7-8 |w 2026-02-21 |y PREZ | ||
| 952 | |0 0 |1 0 |4 0 |7 0 |8 0 |a SNK |b SNK |d 2013-10-29 |f 1 |i snk2013/26307 |l 0 |o snkČSB 5825/5/2011 |p 17A1086461 |r 2026-02-21 21:42:56 |t č. 9-10 |w 2026-02-21 |y PREZ | ||
| 952 | |0 0 |1 0 |4 0 |7 0 |8 0 |a SNK |b SNK |d 2013-10-29 |i snk2013/26309 |l 0 |o snkČSB 5825/5/2011 D1 |p 17A1086462 |r 2026-02-21 21:42:56 |t č. 9-10 |w 2026-02-21 |y PREZ | ||
| 952 | |0 0 |1 0 |4 0 |7 0 |8 0 |a SNK |b SNK |d 2013-10-29 |f 1 |i snk2013/26310 |l 0 |o snkČSB 5825/6/2012 |p 17A1086463 |r 2026-02-21 21:42:56 |t č. 11-12 |w 2026-02-21 |y PREZ | ||
| 952 | |0 0 |1 0 |4 0 |7 0 |8 0 |a SNK |b SNK |d 2013-10-29 |i snk2013/26311 |l 0 |o snkČSB 5825/6/2012 D1 |p 17A1086464 |r 2026-02-21 21:42:56 |t č. 11-12 |w 2026-02-21 |y PREZ | ||
| 952 | |0 0 |1 0 |4 0 |7 0 |8 0 |a SNK |b SNK |d 2015-06-22 |f 1 |i snk2015/19344 |l 0 |o snkČSB 5825/7/2013 |p 17A1144228 |r 2026-02-21 21:46:11 |t č. 13-14 |w 2026-02-21 |y PREZ | ||
| 952 | |0 0 |1 0 |4 0 |7 0 |8 0 |a SNK |b SNK |d 2015-06-22 |i snk2015/19355 |l 0 |o snkČSB 5825/7/2013 D1 |p 17A1144227 |r 2026-02-21 21:46:11 |t č. 13-14 |w 2026-02-21 |y PREZ | ||
| 952 | |0 0 |1 0 |4 0 |7 0 |8 0 |a SNK |b SNK |d 2015-06-22 |f 1 |i snk2015/19360 |l 0 |o snkČSB 5825/8/2014 |p 17A1144226 |r 2026-02-21 21:46:11 |t č. 15-16 |w 2026-02-21 |y PREZ | ||
| 952 | |0 0 |1 0 |4 0 |7 0 |8 0 |a SNK |b SNK |d 2015-06-22 |i snk2015/19362 |l 0 |o snkČSB 5825/8/2014 D1 |p 17A1144225 |r 2026-02-21 21:46:11 |t č. 15-16 |w 2026-02-21 |y PREZ | ||
| 952 | |0 0 |1 0 |4 0 |7 0 |8 0 |a SNK |b SNK |d 2019-08-23 |f 1 |i snk2019/21440 |l 0 |o snkČSB 5825/9/2015 |p 17A1370509 |r 2026-02-21 22:29:13 |t č. 17-18 |w 2026-02-21 |y PREZ | ||
| 952 | |0 0 |1 0 |4 0 |7 0 |8 0 |a SNK |b SNK |d 2019-08-23 |i snk2019/21442 |l 0 |o snkČSB 5825/9/2015 D1 |p 17A1370510 |r 2026-02-21 22:29:13 |t č. 17-18 |w 2026-02-21 |y PREZ | ||
| 952 | |0 0 |1 0 |4 0 |7 0 |8 0 |a SNK |b SNK |d 2019-08-23 |f 1 |i snk2019/21443 |l 0 |o snkČSB 5825/10/2016 |p 17A1370511 |r 2026-02-21 22:29:13 |t č. 19-20 |w 2026-02-21 |y PREZ | ||
| 952 | |0 0 |1 0 |4 0 |7 0 |8 0 |a SNK |b SNK |d 2019-08-23 |i snk2019/21445 |l 0 |o snkČSB 5825/10/2016 D1 |p 17A1370512 |r 2026-02-21 22:29:13 |t č. 19-20 |w 2026-02-21 |y PREZ | ||
| 952 | |0 0 |1 0 |4 0 |7 0 |8 0 |a SNK |b SNK |d 2019-08-23 |f 1 |i snk2019/21446 |l 0 |o snkČSB 5825/11/2017 |p 17A1370513 |r 2026-02-21 22:29:13 |t č. 21-22 |w 2026-02-21 |y PREZ | ||
| 952 | |0 0 |1 0 |4 0 |7 0 |8 0 |a SNK |b SNK |d 2019-08-23 |i snk2019/21447 |l 0 |o snkČSB 5825/11/2017 D1 |p 17A1370514 |r 2026-02-21 22:29:13 |t č. 21-22 |w 2026-02-21 |y PREZ | ||
| 952 | |0 0 |1 0 |4 0 |7 0 |8 0 |a SNK |b SNK |d 2019-08-23 |f 1 |i snk2019/21448 |l 0 |o snkČSB 5825/12/2018 |p 17A1370515 |r 2026-02-21 22:29:13 |t č. 1-2 |w 2026-02-21 |y PREZ | ||
| 952 | |0 0 |1 0 |4 0 |7 0 |8 0 |a SNK |b SNK |d 2019-08-23 |i snk2019/21449 |l 0 |o snkČSB 5825/12/2018 D1 |p 17A1370516 |r 2026-02-21 22:29:13 |t č. 1-2 |w 2026-02-21 |y PREZ | ||


